Mistrzowie Słowenii - nagła śmierć - Statystyki

Ogólne statystyki
  • Ten quiz został rozwiązany 44 razy
  • Średni wynik to 4 z 7
Answers on the Grid
Answers color-coded by a green-red scale on the quiz's grid according to % correct below.
Olimpija Ljubljana
Primorje
Maribor
Nova Gorica
Bravo
Celje
Koper
Radomlje
Nafta
Domžale
Mura Murska Sobota
 
Statystyki odpowiedzi
Odpowiedź % Poprawnych
Maribor
89%
Olimpija Ljubljana
89%
Celje
78%
Koper
61%
Domžale
39%
Mura Murska Sobota
28%
Nova Gorica
28%
Nie znaleziono quizów pasujących do podanych kryteriów
Rozkład punktacji
Procent ludzi z każdym wynikiem
Percentyl według liczby udzielonych odpowiedzi
Twoja historia wyników
Nie rozwiązałeś tego quizu